Countries with the Shortest Coastlines - Statistics

General Stats
  • This quiz has been taken 75 times
  • The average score is 8 of 14
Answer Stats
km Country % Correct
4.1 Monaco
91%
80.0 Gambia
77%
20.0 Bosnia and Herzegovina
62%
37.0 Democratic Republic of the Congo
62%
30.0 Nauru
62%
56.0 Togo
61%
24.0 Tuvalu
61%
46.6 Slovenia
55%
26.0 Jordan
47%
66.5 Belgium
44%
97.0 Barbados
36%
84.0 St Vincent and the Grenadines
35%
58.0 Iraq
33%
90.0 Lithuania
30%
No matching quizzes found
Score Distribution
Percent of People with Each Score
Percentile by Number Answered
Your Score History
You have not taken this quiz